Managing Bank Assets and Liabilities

Saved in:
Bibliographic Details
Other Authors: Wilson, J.S.G
Format: Book
Language:English
Published: London Euromoney Pub. 1988
Edition:1. ed.
Tags: Add Tag
No Tags, Be the first to tag this record!

MARC

LEADER 00000nam a2200000 4500
001 c040338
005 20221219120159.8
041 0 |a eng 
044 |a GB 
245 1 0 |a Managing Bank Assets and Liabilities  |c Edit. J.S.G. Wilson 
250 |a 1. ed. 
264 1 |a London  |b Euromoney Pub.  |c 1988 
300 |a 290 s. 
700 1 |a Wilson, J.S.G.